000 00415nam a22001577a 4500
020 _a0-440-43742-3
082 _a823
100 _aBELLAIRS, JOHN
245 _aTHE HOUSE WITH A CLOCK IN ITS WALLS
_bSHORT STORY
246 _aTHE HOUSE WITH A CLOCK IN ITS WALLS
_bSHORT STORY
260 _aNEW YORK
_bDELL PUBLISHING COMPANY
_c1973
300 _a79
520 _aSHORT STORY
650 _aSHORT STORY
942 _cBK
999 _c1714
_d1714